A Thahat Tung tuang Thum na (Record no. 7607)

MARC details
000 -LEADER
fixed length control field 00498nam a22001817a 4500
003 - CONTROL NUMBER IDENTIFIER
control field GBCCL
005 - DATE AND TIME OF LATEST TRANSACTION
control field 20241126110632.0
008 - FIXED-LENGTH DATA ELEMENTS--GENERAL INFORMATION
fixed length control field 180904b ||||| |||| 00| 0 eng d
040 ## - CATALOGING SOURCE
Transcribing agency GBC
082 ## - DEWEY DECIMAL CLASSIFICATION NUMBER
Classification number VER 248.32
Item number DUE
100 ## - MAIN ENTRY--PERSONAL NAME
Personal name Duewel, Wesley L.
9 (RLIN) 6098
245 #2 - TITLE STATEMENT
Title A Thahat Tung tuang Thum na
Statement of responsibility, etc. translated by T Thongmuan
260 ## - PUBLICATION, DISTRIBUTION, ETC.
Place of publication, distribution, etc. Lamka:
Name of publisher, distributor, etc. T Thongmuan,
Date of publication, distribution, etc. 2000.
300 ## - PHYSICAL DESCRIPTION
Extent 482p. ;
505 ## - FORMATTED CONTENTS NOTE
Title Under the title, "Mighty prevailing prayer"
650 ## - SUBJECT ADDED ENTRY--TOPICAL TERM
Topical term or geographic name entry element Prayer
9 (RLIN) 332
942 ## - ADDED ENTRY ELEMENTS (KOHA)
Source of classification or shelving scheme Dewey Decimal Classification
Koha item type Books
Holdings
Withdrawn status Lost status Source of classification or shelving scheme Damaged status Not for loan Collection Home library Current Library Shelving location Date acquired Total checkouts Full call number Barcode Date last seen Copy number Price effective from Koha item type
    Dewey Decimal Classification       GRACE BIBLE COLLEGE GRACE BIBLE COLLEGE Vernacular 2018-09-04   VER 248.32 DUE 003251 2025-05-01 c.1 2018-09-04 Books
© Grace Bible College Library 2025